Introduction to comparative politics : (Record no. 14741)
[ view plain ]
| 000 -LEADER | |
|---|---|
| fixed length control field | 00990cam a22002895a 4500 |
| 008 - FIXED-LENGTH DATA ELEMENTS--GENERAL INFORMATION | |
| fixed length control field | 100930s2010 mauab||fr|||| 001 0 eng d |
| 010 ## - LIBRARY OF CONGRESS CONTROL NUMBER | |
| LC control number | 2005937097 |
| 020 ## - INTERNATIONAL STANDARD BOOK NUMBER | |
| International Standard Book Number | 0495797413 |
| 020 ## - INTERNATIONAL STANDARD BOOK NUMBER | |
| International Standard Book Number | 9780495797418 |
| 040 ## - CATALOGING SOURCE | |
| Language of cataloging | eng |
| Modifying agency | EG-ScBUE |
| 082 04 - DEWEY DECIMAL CLASSIFICATION NUMBER | |
| Classification number | 320.3 |
| Item number | INT |
| Edition number | 22 |
| 245 00 - TITLE STATEMENT | |
| Title | Introduction to comparative politics : |
| Remainder of title | Political challenges and changing agendas / |
| Statement of responsibility, etc | general editors, Mark Kesselman, Joel Krieger, William A. Joseph. |
| 250 ## - EDITION STATEMENT | |
| Edition statement | 5th ed., International ed. |
| 260 ## - PUBLICATION, DISTRIBUTION, ETC. (IMPRINT) | |
| Place of publication, distribution, etc | Boston : |
| Name of publisher, distributor, etc | Wadsworth, |
| Date of publication, distribution, etc | c.2010. |
| 300 ## - PHYSICAL DESCRIPTION | |
| Extent | xvii,744 p. : |
| Other physical details | ill., maps ; |
| Dimensions | 24 cm. |
| 500 ## - GENERAL NOTE | |
| General note | Index : p. 705-744. |
| 500 ## - GENERAL NOTE | |
| General note | Glossary : p. 683-699. |
| 504 ## - BIBLIOGRAPHY, ETC. NOTE | |
| Bibliography, etc | Includes bibliographical references. |
| 590 ## - LOCAL NOTE (RLIN) | |
| Local note | doaa mohamed |
| 650 #0 - SUBJECT ADDED ENTRY--TOPICAL TERM | |
| Topical term or geographic name as entry element | Comparative government. |
| 9 (RLIN) | 19983 |
| Source of heading or term | BUEsh |
| 651 ## - SUBJECT ADDED ENTRY--GEOGRAPHIC NAME | |
| Source of heading or term | BUEsh |
| 653 ## - INDEX TERM--UNCONTROLLED | |
| Resource For college | Communication and mass media |
| 700 1# - ADDED ENTRY--PERSONAL NAME | |
| Personal name | Kesselman, Mark |
| Titles and other words associated with a name | 1951- |
| 9 (RLIN) | 19982 |
| 700 1# - ADDED ENTRY--PERSONAL NAME | |
| Personal name | Krieger, Joel, |
| Titles and other words associated with a name | 1951- |
| 9 (RLIN) | 19984 |
| 700 1# - ADDED ENTRY--PERSONAL NAME | |
| Personal name | Joseph, William A. |
| 9 (RLIN) | 19985 |
| 942 ## - ADDED ENTRY ELEMENTS (KOHA) | |
| Item type | Book - Borrowing |
| Call number prefix | 320.3 INT |
| Source of classification or shelving scheme | Dewey Decimal Classification |
| Withdrawn status | Item status | Source of classification or shelving scheme | Damaged status | Not for loan | Vendor | Home library | Current library | Shelving location | Date acquired | Source of acquisition | Total Checkouts | Full call number | Barcode | Date last seen | Date last borrowed | Koha item type | Total Renewals |
|---|---|---|---|---|---|---|---|---|---|---|---|---|---|---|---|---|---|
| Dewey Decimal Classification | Baccah | Central Library | Central Library | First floor | 30/09/2010 | 3 | 320.3 INT | 000022295 | 15/07/2025 | 30/10/2013 | NB - Book (Non borrowing) | ||||||
| Dewey Decimal Classification | Baccah | Central Library | Central Library | First floor | 30/09/2010 | 7 | 320.3 INT | 000022307 | 15/07/2025 | 01/11/2020 | Book - Borrowing | 73 | |||||
| Dewey Decimal Classification | Baccah | Central Library | Central Library | First floor | 30/09/2010 | 10 | 320.3 INT | 000022286 | 15/07/2025 | 22/12/2015 | Book - Borrowing | 21 | |||||
| Dewey Decimal Classification | Baccah | Central Library | Central Library | First floor | 23/10/2011 | 9 | 320.3 INT | 000025430 | 15/07/2025 | 24/09/2018 | Book - Borrowing | 26 | |||||
| Dewey Decimal Classification | Baccah | Central Library | Central Library | First floor | 23/10/2011 | 10 | 320.3 INT | 000025423 | 15/07/2025 | 22/12/2015 | Book - Borrowing | 24 |